[Event "Sabadell Colon MC 4th"]
[Site "Sabadell"]
[Date "2010.03.19"]
[Round "8.3"]
[White "Trepat Celis, Miquel Angel"]
[Black "Brusi Noguera, Ricardo Ll"]
[Result "0-1"]
[WhiteElo "1934"]
[BlackElo "2073"]
[PlyCount "66"]
[EventDate "2010.01.29"]
[EventType "tourn"]
[EventRounds "9"]
[EventCountry "ESP"]
[SourceTitle "EXT 2024"]
[Source "ChessBase"]
[SourceDate "2023.10.10"]
[SourceVersion "1"]
[SourceVersionDate "2023.10.10"]
[SourceQuality "1"]

1. d4 c5 2. d5 Nf6 3. c4 e6 4. Nc3 exd5 5. cxd5 d6 6. e4 g6 7. f4 Bg7 8. Be2 0-0 9. Nf3 Bg4 10. 0-0 a6 11. a4 Nbd7 12. a5 Re8 13. Nd2 Bxe2 14. Qxe2 h5 15. h3 h4 16. Nc4 Qe7 17. Re1 Nh5 18. Bd2 Rab8 19. Qf3 b5 20. axb6 Nxb6 21. Na5 Qf6 22. Nc6 Nc4 23. Bc1 Rb3 24. Qe2 Nb6 25. Qc2 Rxc3 26. bxc3 Qxc3 27. Qxc3 Bxc3 28. Rxa6 Bxe1 29. Rxb6 Rxe4 30. Bb2 Re8 31. Ne7+ Kf8 32. Nc6 Nxf4 33. Bf6 Nxd5 0-1